Countries That Border Germany - Sudden Death - Statistics

General Stats
  • This quiz has been taken 37 times
  • The average score is 6 of 9
Answers on the Grid
Answers color-coded by a green-red scale on the quiz's grid according to % correct below.
Austria
Poland
Russia
Denmark
Switzerland
France
Italy
Liechtenstein
Sweden
Czech Republic
Slovakia
Luxembourg
Netherlands
Spain
Norway
Monaco
Hungary
Belgium
Finland
Tunisia
Vatican City
Iceland
 
Answer Stats
Answer % Correct
Poland
92%
Austria
88%
Switzerland
88%
France
81%
Denmark
69%
Belgium
65%
Luxembourg
58%
Netherlands
54%
Czech Republic
50%
No matching quizzes found
Score Distribution
Percent of People with Each Score
Percentile by Number Answered
Your Score History
You have not taken this quiz